| 000 | 00389nam a2200145Ia 4500 | ||
|---|---|---|---|
| 001 | 2130 | ||
| 008 | 241024s9999 xx 000 0 und d | ||
| 082 | _aRD/378.7293/UN58l | ||
| 100 | _aUniversidad Autonoma de Santo Domingo (UASD) | ||
| 245 | 0 | _aLibro de graduandos, 1,769 egresados | |
| 260 |
_bEd. Universitaria _c2011 |
||
| 590 | _asi | ||
| 901 | _a1/3/2012 9:14:26 a.m. | ||
| 999 |
_c8352 _d8352 |
||